[Event "AUTO-ADV-3729"]
[Site "http://www.queenalice.com/game.php?id=1448894"]
[Date "2016.11.9"]
[Round "1"]
[White "jahe"]
[Black "Ricardoabreu"]
[Result "1-0"]
[WhiteElo "1816"]
[BlackElo "1660"]

1. e4 b6 2. Nc3 g6 3. d4 Bg7 4. Nf3 Bb7 5. Bd3 e6 6. Ng5 h6 7. Nf3 g5 8. Bd2 Qe7
9. Nb5 Qd8 10. Qe2 a6 11. Nc3 Qe7 12. e5 f6 13. O-O-O Nc6 14. Kb1 h5 15. h3 g4
16. Ne1 Nxd4 17. Qe3 fxe5 18. Bg6+ Kd8 19. hxg4 hxg4 20. Rxh8 Bxh8 21. Qg3 c5
22. Qxg4 Kc7 23. Nd3 Nf6 24. Qg3 Rg8 25. Nxe5 Ne4 26. Nxe4 Bxe4 27. Nc6+ Kxc6
28. Bxe4+ Kb5 29. Qxg8 Be5 30. Qg4 d5 31. Bd3+ c4 32. Bf1 Kc6 33. g3 a5 34. c3
Nb5 35. Qe2 a4 36. Qxe5 a3 37. Bc1 Qh7+ 38. Ka1 axb2+ 39. Kxb2 Qe7 40. Rxd5 Qa3+
41. Kb1 Qxc3 42. Rxb5 1-0

[Event "AUTO-ADV-3729"]
[Site "http://www.queenalice.com/game.php?id=1448901"]
[Date "2016.11.9"]
[Round "1"]
[White "Gosiulkaa"]
[Black "jahe"]
[Result "1-0"]
[WhiteElo "1952"]
[BlackElo "1852"]

1. e4 c5 2. Nf3 Nc6 3. d4 cxd4 4. Nxd4 e6 5. Bb5 Nf6 6. Nc3 Bb4 7. Bd2 Nxd4 8.
Bd3 O-O 9. e5 Nd5 10. Nxd5 Bxd2+ 11. Qxd2 Nc6 12. Qe2 Qa5+ 13. Nc3 Nxe5 14. O-O
Nxd3 15. Qxd3 d5 16. a3 b6 17. b4 Qa6 18. Qg3 Bb7 19. Rfe1 Qc4 20. Rad1 Rac8 21.
Rd3 Rc6 22. Rc1 Qa6 23. Ne2 Rfc8 24. Nd4 Rc4 25. Qe3 b5 26. h3 Ba8 27. Qe5 f6
28. Qxe6+ Qxe6 29. Nxe6 Rxc2 30. Rxc2 Rxc2 31. Nf4 Ra2 32. Nxd5 Ra1+ 33. Kh2 Kf7
34. Nc7 Bc6 35. Rd6 Be4 36. Nxb5 Ke7 37. Ra6 Bd3 38. Rxa7+ Kf8 39. Nd6 Ra2 40.
Kg3 h6 41. b5 Kg8 42. b6 1-0

[Event "AUTO-ADV-3729"]
[Site "http://www.queenalice.com/game.php?id=1448902"]
[Date "2016.11.9"]
[Round "1"]
[White "jahe"]
[Black "Gosiulkaa"]
[Result "0-1"]
[WhiteElo "1847"]
[BlackElo "1924"]

1. e4 e5 2. f4 exf4 3. Nf3 Nf6 4. Nc3 d6 5. Bc4 Be6 6. Bb5+ c6 7. Be2 d5 8. e5
Nfd7 9. d4 f6 10. Bxf4 Bb4 11. O-O O-O 12. Bd3 Bxc3 13. bxc3 Bg4 14. Qe1 Bxf3
15. Rxf3 fxe5 16. dxe5 Qe7 17. c4 d4 18. Qd2 Nxe5 19. Rg3 Nxd3 20. cxd3 Nd7 21.
Bh6 Rf7 22. Qb2 Qf6 23. Qxb7 Raf8 24. Rf3 Qxh6 25. Rxf7 Rxf7 26. Qxa7 Qe3+ 27.
Kh1 Qxd3 28. h3 Qxc4 29. Re1 Rf1+ 30. Rxf1 Qxf1+ 31. Kh2 Qf4+ 32. Kg1 Qd6 33. a4
d3 34. Qe3 d2 35. Qe8+ Nf8 0-1

[Event "AUTO-OPEN-3725"]
[Site "http://www.queenalice.com/game.php?id=1449025"]
[Date "2016.11.9"]
[Round "1"]
[White "maurice91"]
[Black "jahe"]
[Result "0-1"]
[WhiteElo "1839"]
[BlackElo "1826"]

1. d4 Nf6 2. Nf3 e6 3. c4 Bb4+ 4. Bd2 c5 5. e3 d5 6. Bxb4 cxb4 7. Qa4+ Nc6 8.
Ne5 Bd7 9. Nxc6 Bxc6 10. Qxb4 a5 11. Qc3 Ne4 12. Qc2 O-O 13. Be2 b6 14. O-O Qg5
15. f4 Qg6 16. Bf3 f5 17. b3 Rf6 18. Nc3 Raf8 19. cxd5 exd5 20. a3 Qh6 21. Bxe4
fxe4 22. Qf2 Qh5 23. Ne2 Rh6 24. g3 Bb5 25. Ra2 Bd3 26. Re1 Qg4 27. b4 Bc4 28.
Rb2 a4 29. Qg2 Rg6 30. Nc3 Qd7 31. Nd1 h5 32. h3 Qc8 33. Kf2 Rc6 34. Kg1 g6 35.
Nc3 b5 36. Kh2 Kg7 37. Rc1 Rf7 38. Rf2 Bd3 39. Nxd5 Rxc1 40. g4 h4 41. f5 g5 42.
f6+ Kg6 43. Ne7+ Rxe7 44. fxe7 Qb8+ 45. Rf4 Rc2 46. Qf2 Rxf2+ 0-1

[Event "AUTO-OPEN-3725"]
[Site "http://www.queenalice.com/game.php?id=1449026"]
[Date "2016.11.9"]
[Round "1"]
[White "jahe"]
[Black "maurice91"]
[Result "0-1"]
[WhiteElo "1836"]
[BlackElo "1746"]

1. e4 c6 2. Nf3 g6 3. Bc4 Bg7 4. O-O e6 5. d4 d5 6. exd5 exd5 7. Bb3 h6 8. c3
Ne7 9. Re1 Be6 10. Nbd2 O-O 11. Bc2 Nd7 12. Ne5 Nxe5 13. dxe5 g5 14. Qh5 Bf5 15.
Bxf5 Nxf5 16. Nb3 Re8 17. Qg4 Qc8 18. Nc5 b6 19. Nd3 Nh4 20. Qh5 Ng6 21. f4 gxf4
22. Bxf4 Nxf4 23. Nxf4 Qd7 24. e6 fxe6 25. Re3 e5 26. Nd3 e4 27. Nf4 Re5 28. Qh4
Rg5 29. Rg3 Rxg3 30. Qxg3 Rf8 31. Nh5 Rf5 32. Rf1 Rxh5 33. Qg6 Rg5 34. Qf7+ Qxf7
0-1

[Event "AUTO-OPEN-3725"]
[Site "http://www.queenalice.com/game.php?id=1449045"]
[Date "2016.11.9"]
[Round "1"]
[White "Walbrodt"]
[Black "jahe"]
[Result "1-0"]
[WhiteElo "2643"]
[BlackElo "1838"]

1. e4 c5 2. Nf3 Nc6 3. d4 cxd4 4. Nxd4 e6 5. Nc3 Bb4 6. Nxc6 bxc6 7. Qd4 a5 8.
Qxg7 Qf6 9. Bh6 Bb7 10. Bd3 O-O-O 11. Qxf6 Nxf6 12. Bg7 Nxe4 13. Bxh8 Rxh8 14.
Bxe4 d5 15. Bf3 d4 16. a3 Bxc3+ 17. bxc3 e5 18. cxd4 exd4 19. Kd2 Kc7 20. Rhe1
1-0

[Event "AUTO-OPEN-3725"]
[Site "http://www.queenalice.com/game.php?id=1449046"]
[Date "2016.11.9"]
[Round "1"]
[White "jahe"]
[Black "Walbrodt"]
[Result "0-1"]
[WhiteElo "1838"]
[BlackElo "2645"]

1. e4 c5 2. Nf3 d6 3. Bc4 Nf6 4. Nc3 e6 5. O-O a6 6. a3 b5 7. Ba2 Be7 8. d4 cxd4
9. Qxd4 O-O 10. b4 Nc6 11. Qd1 a5 12. Nxb5 axb4 13. Bb3 Nxe4 14. Bb2 Ba6 15. a4
Bf6 16. Bxf6 Qxf6 17. Rc1 d5 18. Re1 Rfc8 19. c3 bxc3 20. Nbd4 Nxd4 21. Nxd4
Nxf2 22. Qf3 Qxf3 23. Nxf3 Nd3 24. Red1 Nxc1 25. Rxc1 Rab8 26. Nd4 Rb4 27. Rd1
e5 0-1

[Event "AUTO-OPEN-3725"]
[Site "http://www.queenalice.com/game.php?id=1449057"]
[Date "2016.11.9"]
[Round "1"]
[White "jahe"]
[Black "NatanEstivallet"]
[Result "0-1"]
[WhiteElo "1840"]
[BlackElo "2513"]

1. e4 c5 2. Nf3 d6 3. Bc4 e6 4. d3 Be7 5. O-O Nf6 6. b3 a6 7. Bb2 O-O 8. d4 cxd4
9. Nxd4 Nxe4 10. f3 Nf6 11. Qe1 e5 12. Ne2 d5 13. Bd3 e4 14. fxe4 dxe4 15. Bc4
b5 16. Bxf6 Bxf6 17. Bxf7+ Rxf7 18. Nbc3 Bb7 19. Rd1 Qb6+ 20. Kh1 Nd7 21. Ng3
Raf8 22. Ncxe4 Qc6 23. c3 h5 24. Nxh5 Bxc3 25. Qe2 Rxf1+ 26. Rxf1 Rxf1+ 27. Qxf1
Qxe4 0-1

[Event "AUTO-OPEN-3725"]
[Site "http://www.queenalice.com/game.php?id=1449058"]
[Date "2016.11.9"]
[Round "1"]
[White "NatanEstivallet"]
[Black "jahe"]
[Result "1-0"]
[WhiteElo "2506"]
[BlackElo "1849"]

1. e4 c5 2. Nf3 Nc6 3. Bb5 Nf6 4. d3 e6 5. c3 Na5 6. Nbd2 a6 7. Ba4 b5 8. Bc2 c4
9. d4 Bb7 10. O-O d5 11. Qe2 Be7 12. Re1 O-O 13. e5 Nd7 14. Nf1 b4 15. cxb4 Bxb4
16. Bxh7+ Kxh7 17. Ng5+ Kg6 18. Qc2+ f5 19. exf6+ Kxf6 20. Rxe6# 1-0

[Event "AUTO-ADV-3740"]
[Site "http://www.queenalice.com/game.php?id=1452242"]
[Date "2016.11.27"]
[Round "1"]
[White "mvson33"]
[Black "jahe"]
[Result "1-0"]
[WhiteElo "1818"]
[BlackElo "1855"]

1. e4 c5 2. Nf3 Nc6 3. Bc4 e6 4. O-O d5 5. exd5 exd5 6. Be2 Nf6 7. c3 Be7 8. d4
c4 9. Bf4 O-O 10. Nbd2 Nh5 11. Be3 Bd6 12. Qc2 Nf4 13. Bxf4 Bxf4 14. Rae1 b5 15.
Ne5 Nxe5 16. dxe5 Bxe5 17. Bxc4 Bxh2+ 18. Kxh2 dxc4 19. Qe4 Bd7 20. Nf3 Qc7+ 21.
Kg1 Rae8 22. Qb1 Rxe1 23. Rxe1 Bc6 24. Qf5 g6 25. Qf6 Qb7 26. Re7 Qa8 27. Ng5
Bxg2 28. Rxf7 Rxf7 29. Qxf7+ 1-0

[Event "AUTO-ADV-3740"]
[Site "http://www.queenalice.com/game.php?id=1452243"]
[Date "2016.11.27"]
[Round "1"]
[White "jahe"]
[Black "mvson33"]
[Result "1-0"]
[WhiteElo "1838"]
[BlackElo "1799"]

1. e4 e6 2. f4 Nf6 3. d3 d6 4. Nf3 Be7 5. Nc3 O-O 6. h3 b6 7. Be3 Bb7 8. Qe2 Nc6
9. O-O-O e5 10. f5 d5 11. Ng5 dxe4 12. dxe4 Qc8 13. g4 Qe8 14. Nf3 Rd8 15. Bg2
Rxd1+ 16. Rxd1 Qc8 17. Ng5 h6 18. Nf3 Rd8 19. Rxd8+ Qxd8 20. Nb5 a6 21. Nc3 Nd4
22. Bxd4 exd4 23. Nd1 Bxe4 24. Ne5 Bxg2 25. Qxg2 c5 26. Qe2 Qc7 27. b3 Bd6 28.
Nc4 Bf4+ 29. Kb2 Qd8 30. Qf3 Bc7 31. h4 Nd5 32. g5 hxg5 33. hxg5 Nf4 34. g6 fxg6
35. fxg6 Nxg6 36. Nf2 Qf6 37. Qa8+ Kh7 38. Ng4 Qf3 39. Qxf3 1-0

[Event "AUTO-ADV-3740"]
[Site "http://www.queenalice.com/game.php?id=1452256"]
[Date "2016.11.27"]
[Round "1"]
[White "jahe"]
[Black "belzinha"]
[Result "1-0"]
[WhiteElo "1836"]
[BlackElo "1591"]

1. e4 e5 2. f4 exf4 3. Nf3 Nf6 4. Nc3 Nc6 5. d4 Bd6 6. e5 Qe7 7. Bc4 O-O 8. O-O
Bb4 9. Bd2 Nh5 10. Ne1 Nxd4 11. Qxh5 1-0

[Event "AUTO-ADV-3740"]
[Site "http://www.queenalice.com/game.php?id=1452257"]
[Date "2016.11.27"]
[Round "1"]
[White "belzinha"]
[Black "jahe"]
[Result "0-1"]
[WhiteElo "1585"]
[BlackElo "1842"]

1. e4 c5 2. Bc4 e6 3. Nf3 d5 4. exd5 exd5 5. Bb5+ Nc6 6. Ne5 Qe7 7. Qe2 Nf6 8.
Nxc6 Qxe2+ 9. Kxe2 bxc6 10. Bxc6+ Nd7 0-1

[Event "AUTO-ADV-3740"]
[Site "http://www.queenalice.com/game.php?id=1452258"]
[Date "2016.11.27"]
[Round "1"]
[White "jahe"]
[Black "Nias"]
[Result "1-0"]
[WhiteElo "1850"]
[BlackElo "1736"]

1. e4 e5 2. f4 f6 3. Nf3 Nc6 4. Bc4 Bc5 5. Nc3 Nge7 6. fxe5 Nxe5 7. Bb3 Nxf3+ 8.
gxf3 Ng6 9. d4 Bb4 10. Bd2 Bxc3 11. Bxc3 Nf4 12. Qd2 g5 13. O-O-O d6 14. Qe3 Bh3
15. d5 h6 16. Bd4 b6 17. Rd2 Qe7 18. Ba4+ Kf7 19. Bc6 Rab8 20. Qc3 Bd7 21. a3
Qe8 22. Bxf6 Rg8 23. Rf1 Bxc6 24. dxc6 Rg6 25. Bd4 Ke7 26. b4 Qf7 27. b5 Ne6 28.
Qb4 Qf4 29. Qc3 Nxd4 30. Qxd4 g4 31. Qd3 Qf6 32. Kb1 g3 33. hxg3 Rxg3 34. e5 Qg6
35. exd6+ Qxd6 36. Qh7+ 1-0

[Event "Challenge"]
[Site "http://www.queenalice.com/game.php?id=1456924"]
[Date "2016.12.28"]
[Round "-"]
[White "eduardofelix"]
[Black "jahe"]
[Result "0-1"]
[WhiteElo "1904"]
[BlackElo "1841"]

1. e4 c5 2. g3 Nc6 3. b3 e5 4. Bb2 Nf6 5. Nc3 g6 6. Bd3 Bg7 7. Nf3 O-O 8. O-O d5
9. exd5 Nxd5 10. Be4 Nxc3 11. Bxc3 Rb8 12. a3 Nd4 13. b4 Nxf3+ 14. Qxf3 f5 15.
Bd3 e4 16. Bc4+ Kh8 17. Bxg7+ Kxg7 18. Qc3+ Qf6 19. Qxf6+ Rxf6 20. c3 Be6 21.
Bxe6 Rxe6 22. b5 b6 23. c4 Rd8 24. Ra2 Rd4 25. Rc1 Red6 26. Rcc2 h5 27. h4 Kf6
28. a4 Ke5 29. Kg2 Rd3 30. Kf1 Kd4 31. Ke2 Ke5 32. a5 f4 33. Rc3 f3+ 34. Ke1
Rxc3 35. dxc3 Rd3 36. axb6 axb6 37. Rc2 e3 38. fxe3 Ke4 39. Kf2 Rxe3 40. Kf1 Kd3
41. Kf2 Ke4 42. Kf1 Kf5 43. Kf2 Rd3 44. Kf1 Kg4 45. Kf2 Kh3 46. Ra2 Rxc3 47. Ra6
Kg4 48. Rxb6 Rc2+ 49. Ke1 Kxg3 50. Rxg6+ Kxh4 51. Rf6 Kg4 52. b6 Kg3 53. b7 Rb2
54. Rf7 h4 55. Rg7+ Kf4 56. Rf7+ Ke3 57. Re7+ Kd3 58. Rf7 Ke3 59. Re7+ Kd3 60.
Rf7 Kxc4 61. Rxf3 Rxb7 62. Rf4+ Kb3 63. Rxh4 Rd7 64. Rh3+ Kb4 65. Rh4+ c4 66.
Ke2 Kb3 67. Rxc4 Kxc4 68. Ke3 Rd8 69. Ke4 Re8+ 70. Kf5 Kd4 71. Kf4 Rf8+ 72. Kg3
Ke4 73. Kg2 Ke3 74. Kg3 Rg8+ 75. Kh4 Kf3 76. Kh5 Kf4 77. Kh6 Rg1 78. Kh5 Rg2 79.
Kh6 Kf5 80. Kh7 Kf6 81. Kh8 Kf7 82. Kh7 Rh2# 0-1

[Event "Challenge"]
[Site "http://www.queenalice.com/game.php?id=1464441"]
[Date "2017.2.13"]
[Round "-"]
[White "krystian"]
[Black "jahe"]
[Result "0-1"]
[WhiteElo "1652"]
[BlackElo "1861"]

1. e4 c5 2. Nf3 Nc6 3. d4 cxd4 4. Nxd4 e6 5. Nc3 Bc5 6. Nb3 Bb6 7. Bd3 Nf6 8.
O-O O-O 9. Qe2 d5 10. Bg5 Qe7 11. exd5 Nd4 12. Qe5 Nxb3 13. axb3 Bd8 14. d6 Qd7
15. Bb5 Ng4 16. Qf4 Bxg5 17. Qxg5 Qxd6 18. Qxg4 e5 19. Qe4 f5 20. Bc4+ Kh8 21.
Qe2 b6 22. Rfd1 Qf6 0-1

[Event "AUTO-ADV-3740"]
[Site "http://www.queenalice.com/game.php?id=1473368"]
[Date "2017.4.14"]
[Round "2"]
[White "vindaloo"]
[Black "jahe"]
[Result "1-0"]
[WhiteElo "1924"]
[BlackElo "1854"]

1. e4 c5 2. c4 Nc6 3. Nc3 e6 4. Nf3 Nf6 5. a3 d5 6. d3 d4 7. Na2 Be7 8. b4 b6 9.
Bd2 O-O 10. Qb3 Bb7 11. bxc5 Bxc5 12. Nb4 Na5 13. Qc2 a6 14. Be2 Nc6 15. O-O Nb8
16. Bg5 Nbd7 17. e5 a5 18. Na2 Bxf3 19. Bxf3 Ra7 20. exf6 Nxf6 21. Nc1 Be7 22.
Bd2 e5 23. Re1 Qc7 24. Ne2 Nd7 25. Ng3 f5 26. Bd5+ Kh8 27. Rf1 f4 28. Ne4 Nc5
29. g3 f3 30. Nxc5 bxc5 31. Qd1 Bd6 32. Bxf3 Qc8 33. Be4 Qd8 34. Qh5 1-0

[Event "AUTO-ADV-3740"]
[Site "http://www.queenalice.com/game.php?id=1473369"]
[Date "2017.4.14"]
[Round "2"]
[White "jahe"]
[Black "vindaloo"]
[Result "0-1"]
[WhiteElo "1869"]
[BlackElo "1896"]

1. e4 c5 2. Nf3 a6 3. Bc4 d6 4. Nc3 Nf6 5. e5 dxe5 6. Nxe5 e6 7. d3 b5 8. Bb3
Be7 9. O-O O-O 10. Qf3 Ra7 11. Bf4 Bb7 12. Qg3 Nh5 13. Qg4 Nxf4 14. Qxf4 Bd6 15.
Qe3 Nd7 16. Ng4 Qh4 17. f3 Nf6 18. h3 h5 19. Nf2 Qg3 20. Nh1 Qg6 21. Ne2 Raa8
22. Rad1 Bb8 23. Qxc5 Ba7 0-1

[Event "AUTO-ADV-3740"]
[Site "http://www.queenalice.com/game.php?id=1473372"]
[Date "2017.4.14"]
[Round "2"]
[White "rafaelp"]
[Black "jahe"]
[Result "1-0"]
[WhiteElo "1995"]
[BlackElo "1829"]

1. e4 c5 2. Nf3 Nc6 3. Nc3 e6 4. Bb5 Nge7 5. Bxc6 bxc6 6. d4 cxd4 7. Qxd4 d5 8.
O-O f6 9. e5 Nf5 10. Qd1 Bb4 11. Bd2 O-O 12. Ne2 Be7 13. a4 Qc7 14. Bf4 Qb7 15.
b3 a5 16. Ned4 fxe5 17. Bxe5 Nxd4 18. Nxd4 Bd7 19. Qg4 Bf6 20. Rfe1 Qb4 21. Qg3
Qe7 22. Bd6 Qf7 23. Bxf8 Bxd4 24. Rad1 Bc3 25. Qxc3 Rxf8 26. Rd2 Qg6 27. Qxa5
Qg5 28. Qc3 Rf6 29. Qe3 Qg4 30. a5 Rg6 31. g3 Qb4 32. a6 c5 33. Ra1 Bc6 34. a7
Ba8 35. Ra4 Qb7 36. Qf3 Rf6 37. Qg2 Qc8 38. Rd3 d4 39. f3 g6 40. c3 e5 41. cxd4
cxd4 42. Ra1 h5 43. b4 Qb7 44. Rb3 Qb5 45. Ra5 Qc4 46. Raa3 Kg7 47. b5 Rb6 48.
Qh3 Rxb5 49. Qd7+ Kh6 50. Qxb5 Qe2 51. Qxe2 1-0

[Event "AUTO-ADV-3740"]
[Site "http://www.queenalice.com/game.php?id=1473373"]
[Date "2017.4.14"]
[Round "2"]
[White "jahe"]
[Black "rafaelp"]
[Result "0-1"]
[WhiteElo "1840"]
[BlackElo "1969"]

1. e4 e5 2. f4 exf4 3. Nf3 Nc6 4. Be2 Bc5 5. d4 Be7 6. O-O g5 7. b3 d6 8. c3 h6
9. Bb2 Nf6 10. Nbd2 Ng4 11. Nc4 b5 12. Ncd2 Ne3 13. Qc1 Nxf1 14. Qxf1 a6 15. d5
Ne5 16. c4 bxc4 17. Nxe5 dxe5 18. Bxe5 Bf6 19. Bxf6 Qxf6 20. bxc4 Qd4+ 21. Kh1
Qxd2 22. a4 a5 23. Qf3 Rb8 24. Bd3 Rb3 25. Rd1 Qa2 26. c5 h5 27. h3 Qxa4 28. Qe2
g4 29. Bc2 gxh3 30. Bxb3 Qxb3 31. Rg1 Bg4 32. Qf1 hxg2+ 33. Rxg2 Bf3 34. Kh2
Bxg2 35. Qxg2 f3 36. Qf2 Qd3 37. Kg3 Qxe4 38. Qxf3 Qxf3+ 0-1

[Event "AUTO-ADV-3740"]
[Site "http://www.queenalice.com/game.php?id=1473374"]
[Date "2017.4.14"]
[Round "2"]
[White "Prosperidade"]
[Black "jahe"]
[Result "1-0"]
[WhiteElo "2210"]
[BlackElo "1820"]

1. d4 Nf6 2. c4 e6 3. Nf3 Bb4+ 4. Bd2 Be7 5. d5 exd5 6. cxd5 Nxd5 7. e4 Nb6 8.
Nc3 d6 9. Bd3 O-O 10. O-O Nc6 11. h3 Ne5 12. Qe2 c6 13. Bc2 Nbc4 14. Bc1 Nxf3+
15. Qxf3 Be6 16. b3 Ne5 17. Qe3 f5 18. f4 Nd7 19. Kh2 fxe4 20. Nxe4 Bf5 21. g4
Bxe4 22. Qxe4 Nf6 23. Qd3 g6 24. g5 Nd5 25. Bb2 Nxf4 26. Qd4 Kf7 27. Rxf4+ Ke8
28. Rxf8+ Bxf8 29. Re1+ Kd7 30. Qh4 Kc7 31. Qxh7+ Kb6 32. b4 Qxg5 33. Bd4+ c5
34. bxc5+ dxc5 35. Rb1+ 1-0

[Event "AUTO-ADV-3740"]
[Site "http://www.queenalice.com/game.php?id=1473375"]
[Date "2017.4.14"]
[Round "2"]
[White "jahe"]
[Black "Prosperidade"]
[Result "0-1"]
[WhiteElo "1845"]
[BlackElo "2112"]

1. e4 e5 2. f4 exf4 3. Nf3 g5 4. Be2 g4 5. Ne5 Qh4+ 6. Kf1 Nf6 7. d3 f3 8. Bxf3
d6 9. g3 Qh5 10. Nxf7 gxf3 11. Nxh8 Bh3+ 12. Kf2 Qc5+ 13. Be3 Ng4+ 0-1

[Event "Challenge 2"]
[Site "http://www.queenalice.com/game.php?id=1477510"]
[Date "2017.5.10"]
[Round "-"]
[White "jahe"]
[Black "eduardofelix"]
[Result "0-1"]
[WhiteElo "1860"]
[BlackElo "1897"]

1. e4 e5 2. f4 a6 3. Nf3 d6 4. Bc4 Bg4 5. f5 h6 6. d3 c6 7. Be3 d5 8. exd5 cxd5
9. Bb3 Nf6 10. Nbd2 d4 11. Bf2 Bb4 12. O-O Bxd2 13. Qxd2 Bxf3 0-1